Pokémon on J - Statistics

General Stats
  • This quiz has been taken 5 times
  • The average score is 6 of 8
Answer Stats
Picture Answer % Correct
Jigglypuff
100%
Jolteon
100%
Jynx
100%
Jirachi
75%
Jumpluff
75%
Jangmo-o
50%
Jellicent
50%
Joltik
50%
No matching quizzes found
Score Distribution
Percent of People with Each Score
Percentile by Number Answered
Your Score History
You have not taken this quiz